000 00489nam a2200181 a 4500
005 20260417152038.0
008 260311s2026##################000#0#eng##
020 _a9780520223356
041 _aEng
082 0 4 _a362.29180973
_bMAS
100 _aMassing, Michael
245 1 0 _aThe Fix
_c/by Michael Massing.
250 _a1st ed.
260 _aLondon:
_bUniversity of california press,
_c2000.
300 _a335 p;
_c18 cm.
650 _aSocial problems, Economics.
942 _cENGLISH
999 _c617589
_d617589